Statistics for All Coat of Arms of Western Europe Subdivisions

Click here to take the quiz!

General Stats

  • This quiz has been taken 123 times
  • The average score is 48 of 102

Answer Stats

CountryArmsSubdivision% Correct
GermanyBavaria
92%
GermanyBerlin
87%
BelgiumWallonia
85%
BelgiumFlanders
84%
FranceCorsica
82%
BelgiumBrussels
81%
GermanySaxony
77%
GermanyBremen
75%
GermanyHamburg
75%
FranceNormandy
75%
AustriaVienna
75%
FranceBrittany
74%
AustriaTyrol
74%
GermanyBrandenburg
73%
GermanyHesse
73%
GermanyBaden-Württemberg
71%
AustriaSalzburg
70%
GermanyMecklenburg-Vorpommern
69%
GermanySaxony-Anhalt
69%
GermanyLower Saxony
68%
FranceÎle-de-France
67%
GermanyNorth Rhine-Westphalia
67%
GermanyThuringia
67%
FranceOccitanie
66%
GermanyRhineland-Palatinate
66%
GermanySaarland
66%
GermanySchleswig-Holstein
66%
AustriaStyria
65%
AustriaUpper Austria
64%
SwitzerlandBern
63%
AustriaLower Austria
62%
AustriaVorarlberg
60%
FranceAuvergne-Rhône-Alpes
58%
FranceBourgogne-Franche-Comté
58%
AustriaBurgenland
58%
AustriaCarinthia
58%
FranceGrand Est
57%
FranceProvence-Alpes-Cote-d'Azur
57%
FranceCentre-Val de Loire
53%
FranceHauts-de-France
53%
FranceNouvelle-Aquitaine
53%
SwitzerlandZürich
52%
SwitzerlandBasel-Stadt
51%
FrancePays de la Loire
51%
SwitzerlandGeneva
49%
LuxembourgLuxembourg
49%
NetherlandsZeeland
48%
NetherlandsSouth Holland
44%
LiechtensteinVaduz
44%
NetherlandsUtrecht
43%
SwitzerlandAargau
42%
NetherlandsNorth Holland
42%
SwitzerlandBasel-Landschaft
41%
NetherlandsFriesland
41%
NetherlandsLimburg
41%
SwitzerlandValais
41%
SwitzerlandGraubünden
40%
NetherlandsNorth Brabant
40%
SwitzerlandTicino
40%
SwitzerlandVaud
40%
SwitzerlandUri
38%
NetherlandsGelderland
37%
SwitzerlandJura
37%
NetherlandsGroningen
36%
SwitzerlandNeuchâtel
36%
SwitzerlandSt. Gallen
36%
SwitzerlandAppenzell Ausserrhoden
35%
NetherlandsFlevoland
35%
SwitzerlandSchwyz
35%
SwitzerlandAppenzell Innerrhoden
34%
SwitzerlandZug
34%
SwitzerlandFribourg
33%
SwitzerlandLuzern
33%
SwitzerlandGlarus
32%
NetherlandsOverijssel
32%
SwitzerlandSolothurn
32%
SwitzerlandThurgau
32%
NetherlandsDrenthe
31%
SwitzerlandNidwalden
31%
SwitzerlandObwalden
31%
LiechtensteinSchaan
31%
SwitzerlandSchaffhausen
31%
LiechtensteinEschen
23%
LuxembourgEsch-sur-Alzette
23%
LiechtensteinTriesen
23%
LiechtensteinBalzers
22%
LiechtensteinSchellenberg
21%
LiechtensteinTriesenberg
21%
LuxembourgDiekirch
20%
LiechtensteinRuggell
20%
LiechtensteinGamprin
19%
LiechtensteinPlanken
19%
LuxembourgClervaux
18%
LuxembourgEchternach
18%
LiechtensteinMauren
18%
LuxembourgGrevenmacher
16%
LuxembourgVianden
15%
LuxembourgCapellen
14%
LuxembourgMersch
14%
LuxembourgRemich
14%
LuxembourgWiltz
14%
LuxembourgRedange
13%

Score Distribution

Percentile by Number Answered

Percent of People with Each Score

Your Score History

You have not taken this quiz